[Event "Ambelokipi op 84th"]
[Site "Athens"]
[Date "2008.01.16"]
[Round "2"]
[White "Skourtis, Efstratios"]
[Black "Kotrotsos, Vasilios"]
[Result "0-1"]
[WhiteElo "2065"]
[BlackElo "2337"]
[PlyCount "103"]
[EventDate "2008.01.12"]
[EventType "swiss"]
[EventRounds "7"]
[EventCountry "GRE"]
[SourceTitle "EXT 2010"]
[Source "ChessBase"]
[SourceDate "2010.11.25"]
[SourceVersion "1"]
[SourceVersionDate "2010.11.25"]
[SourceQuality "1"]

1. e4 g6 2. d4 Bg7 3. Nc3 d6 4. f4 Nf6 5. Nf3 c5 6. dxc5 Qa5 7. Qd4 dxc5 8. Bb5+ Nbd7 9. Qa4 Qxa4 10. Bxa4 a6 11. e5 b5 12. exf6 Bxf6 13. Nxb5 axb5 14. Bxb5 Ba6 15. Bxa6 Rxa6 16. 0-0 0-0 17. Re1 Rb8 18. c3 c4 19. Re2 Nc5 20. Ne5 Bxe5 21. Rxe5 Nb3 22. Rb1 Nxc1 23. Rxc1 Rxb2 24. Ra1 Ra3 25. Rxe7 Rxc3 26. Re5 h6 27. a4 Rcc2 28. a5 Rxg2+ 29. Kh1 Rxh2+ 30. Kg1 Rbg2+ 31. Kf1 Rh1+ 32. Kxg2 Rxa1 33. Kf3 c3 34. Rc5 c2 35. Rxc2 Rxa5 36. Rc6 Kg7 37. Kg4 h5+ 38. Kf3 Ra3+ 39. Kg2 Re3 40. Kf2 Re6 41. Rc5 Kf6 42. Kf3 Ra6 43. Rb5 Ra3+ 44. Kg2 Rd3 45. Ra5 Ke6 46. Re5+ Kf6 47. Ra5 h4 48. Rb5 h3+ 49. Kh2 Rf3 50. f5 g5 51. Ra5 g4 52. Rb5 0-1

[Event "Peiraikos 60th Anniv op"]
[Site "Piraeus"]
[Date "2006.09.02"]
[Round "1"]
[White "Poulopoulos, Ioannis"]
[Black "Skourtis, Efstratios"]
[Result "0-1"]
[WhiteElo "1010"]
[BlackElo "2056"]
[PlyCount "42"]
[EventDate "2006.09.02"]
[EventType "swiss"]
[EventRounds "7"]
[EventCountry "GRE"]
[SourceTitle "EXT 2008"]
[Source "ChessBase"]
[SourceDate "2007.11.25"]
[SourceVersion "1"]
[SourceVersionDate "2007.11.25"]
[SourceQuality "1"]

1. e4 d5 2. Nc3 d4 3. Nd5 e6 4. Nf4 e5 5. Nd3 Nc6 6. Nf3 Bd6 7. Be2 Nf6 8. 0-0 Nxe4 9. Nfe1 0-0 10. Bf3 Nf6 11. Bxc6 bxc6 12. Qe2 e4 13. b3 exd3 14. Nxd3 Re8 15. Qd1 Ng4 16. g3 c5 17. Ba3 Nxh2 18. Kxh2 Qh4+ 19. Kg1 Bxg3 20. fxg3 Qxg3+ 21. Kh1 Bb7+ 0-1

[Event "GRE-chT 32nd"]
[Site "Kallithea"]
[Date "2003.07.08"]
[Round "5"]
[White "Skourtis, Efstratios"]
[Black "Tzolas, Georgios"]
[Result "1-0"]
[WhiteElo "2061"]
[BlackElo "2157"]
[PlyCount "63"]
[EventDate "2003.07.04"]
[EventType "team-tourn"]
[EventRounds "9"]
[EventCountry "GRE"]
[SourceTitle "CBM 095 Extra"]
[Source "ChessBase"]
[SourceDate "2003.09.04"]
[SourceVersion "1"]
[SourceVersionDate "2003.09.04"]
[SourceQuality "1"]

1. e4 e5 2. d4 exd4 3. Qxd4 Nc6 4. Qe3 Nf6 5. Nc3 Bb4 6. Bd2 0-0 7. 0-0-0 Re8 8. Qg3 Rxe4 9. a3 Rg4 10. Qe3 Ba5 11. h3 Bb6 12. Qe1 Rd4 13. Nf3 Rd6 14. Bc4 Nd4 15. Ne5 Re6 16. Bxe6 fxe6 17. Bg5 d6 18. Nc4 e5 19. f4 Bf5 20. fxe5 Nxc2 21. Qf1 Bg6 22. exf6 Na1 23. Nd2 gxf6 24. Qxf6 Qxf6 25. Bxf6 Be3 26. Rde1 Nb3+ 27. Kd1 Bxd2 28. Re7 Bh6 29. Rxc7 Nc5 30. Re1 Nd3 31. Ree7 Rf8 32. Rg7+ 1-0

[Event "GRE-chT 31st"]
[Site "Chalkidiki"]
[Date "2002.07.10"]
[Round "6"]
[White "Skourtis, Efstratios"]
[Black "Touloumis, Anestis"]
[Result "1/2-1/2"]
[WhiteElo "2062"]
[BlackElo "2183"]
[PlyCount "80"]
[EventDate "2002.07.05"]
[EventType "team"]
[EventRounds "8"]
[EventCountry "GRE"]
[SourceTitle "CBM 089 Extra"]
[Source "ChessBase"]
[SourceDate "2002.09.10"]
[SourceVersion "2"]
[SourceVersionDate "2002.09.10"]
[SourceQuality "1"]

1. e4 c5 2. Nf3 d6 3. d4 cxd4 4. Nxd4 Nf6 5. Nc3 g6 6. g3 Bg7 7. Bg2 0-0 8. 0-0 Bg4 9. Nde2 Nc6 10. h3 Bxe2 11. Qxe2 Rc8 12. Be3 a6 13. a4 Qc7 14. Nd5 Nxd5 15. exd5 Ne5 16. c3 Nc4 17. Bf4 Rfe8 18. Rac1 Qb6 19. Rb1 Qb3 20. Qd1 Na5 21. Re1 Kf8 22. Re4 Qxd1+ 23. Rxd1 Nc4 24. Re2 b5 25. axb5 axb5 26. Rde1 Bf6 27. h4 Nb6 28. Ra1 Ra8 29. Rae1 Nc4 30. Bh3 Ra2 31. Bd7 Rb8 32. Bh6+ Kg8 33. b3 Rxe2 34. Rxe2 Nb6 35. Bc6 Nc8 36. c4 bxc4 37. bxc4 Nb6 38. Rc2 Nc8 39. Ra2 Nb6 40. Rc2 Nc8 1/2-1/2

[Event "GRE-chT 31st"]
[Site "Chalkidiki"]
[Date "2002.07.08"]
[Round "4"]
[White "Logothetis, Sotirios"]
[Black "Skourtis, Efstratios"]
[Result "1-0"]
[WhiteElo "2235"]
[BlackElo "2062"]
[PlyCount "71"]
[EventDate "2002.07.05"]
[EventType "team"]
[EventRounds "8"]
[EventCountry "GRE"]
[SourceTitle "CBM 089 Extra"]
[Source "ChessBase"]
[SourceDate "2002.09.10"]
[SourceVersion "2"]
[SourceVersionDate "2002.09.10"]
[SourceQuality "1"]

1. d4 e6 2. c4 b6 3. a3 Bb7 4. Nc3 f5 5. d5 Nf6 6. g3 Na6 7. Bg2 Nc5 8. Nh3 Bd6 9. Nb5 0-0 10. 0-0 a5 11. Be3 Nce4 12. f3 Bc5 13. Bxc5 Nxc5 14. d6 Ne8 15. dxc7 Nxc7 16. b4 axb4 17. axb4 Rxa1 18. Qxa1 N5a6 19. Nd6 Ba8 20. Qa3 e5 21. Rd1 Qe7 22. b5 Nc5 23. Qa7 Nd5 24. Nxf5 Qe6 25. Nxg7 Kxg7 26. cxd5 Qh6 27. f4 Bb7 28. Qa1 d6 29. Qa7 Ra8 30. Qxb6 Ra2 31. Qc7+ Kg8 32. Qd8+ Kg7 33. Qe7+ Kg8 34. Ng5 exf4 35. Qf7+ Kh8 36. Qxf4 1-0

[Event "GRE-chT 31st"]
[Site "Chalkidiki"]
[Date "2002.07.05"]
[Round "1"]
[White "Bousios, Hristos"]
[Black "Skourtis, Efstratios"]
[Result "1/2-1/2"]
[WhiteElo "2293"]
[BlackElo "2062"]
[PlyCount "75"]
[EventDate "2002.07.05"]
[EventType "team"]
[EventRounds "8"]
[EventCountry "GRE"]
[SourceTitle "CBM 089 Extra"]
[Source "ChessBase"]
[SourceDate "2002.09.10"]
[SourceVersion "2"]
[SourceVersionDate "2002.09.10"]
[SourceQuality "1"]

1. d4 e6 2. c4 b6 3. a3 Bb7 4. Nc3 f5 5. d5 Nf6 6. g3 Na6 7. Bg2 Bd6 8. Nf3 0-0 9. 0-0 Nc5 10. b4 Nce4 11. Nxe4 fxe4 12. Ng5 exd5 13. cxd5 Be5 14. Rb1 Bxd5 15. Qc2 Qe7 16. Nxe4 Bxe4 17. Bxe4 Nxe4 18. Qxe4 Rae8 19. Bb2 Bxb2 20. Qxe7 Rxe7 21. Rxb2 Kf7 22. Rc1 c6 23. Rd2 Ke6 24. Rc3 Rf5 25. Rd4 a5 26. e4 Rb5 27. f4 axb4 28. axb4 c5 29. bxc5 bxc5 30. Rd5 d6 31. Rcd3 Kf7 32. Re3 Rb4 33. Rxd6 Rbxe4 34. Rxe4 Rxe4 35. Rc6 Rc4 36. Kf2 Rc2+ 37. Ke3 Rxh2 38. Rxc5 1/2-1/2

[Event "Ethniki tt"]
[Site "Ethniki"]
[Date "2001.??.??"]
[Round "4"]
[White "Skourtis, Efstratios"]
[Black "Argiroudis, Stamatis"]
[Result "0-1"]
[WhiteElo "2065"]
[BlackElo "2180"]
[PlyCount "68"]
[EventDate "2001.??.??"]
[EventType "team"]
[EventRounds "5"]
[EventCountry "GRE"]
[SourceTitle "EXT 2003"]
[Source "ChessBase"]
[SourceDate "2002.11.25"]
[SourceVersion "1"]
[SourceVersionDate "2002.11.25"]
[SourceQuality "1"]

1. e4 c5 2. Nc3 Nc6 3. f4 g6 4. Nf3 Bg7 5. Bc4 e6 6. f5 Nge7 7. fxe6 dxe6 8. d3 0-0 9. 0-0 h6 10. Qe1 Nd4 11. Nxd4 Bxd4+ 12. Kh1 Bg7 13. Be3 b6 14. Qd2 g5 15. h4 f6 16. Qe2 Ng6 17. hxg5 fxg5 18. Rxf8+ Qxf8 19. Rf1 Qe7 20. Qh5 Ne5 21. Bb3 c4 22. Bxc4 Nxc4 23. dxc4 Bd7 24. Rd1 Bc6 25. Bd4 Rf8 26. Qg6 Rf7 27. Bxg7 Rxg7 28. Qh5 g4 29. Qe5 g3 30. Kg1 Qh4 31. Qxe6+ Rf7 32. Qg6+ Kf8 33. Qd6+ Kg7 34. Qe5+ Kh7 0-1

[Event "GRE-chT 29th"]
[Site "Athens"]
[Date "2000.07.09"]
[Round "4"]
[White "Skourtis, Efstratios"]
[Black "Metaxas, Petros"]
[Result "0-1"]
[WhiteElo "2037"]
[BlackElo "2203"]
[PlyCount "78"]
[EventDate "2000.07.06"]
[EventType "team"]
[EventRounds "8"]
[EventCountry "GRE"]
[SourceTitle "EXT 2001"]
[Source "ChessBase"]
[SourceDate "2000.11.22"]
[SourceVersion "1"]
[SourceVersionDate "2000.11.22"]
[SourceQuality "1"]

1. Nf3 Nf6 2. c4 e6 3. Nc3 Bb4 4. g4 h6 5. Rg1 b6 6. h4 Bb7 7. Qc2 a5 8. g5 hxg5 9. hxg5 Ng8 10. b3 Rh5 11. Ne4 Na6 12. Bb2 g6 13. a3 Be7 14. 0-0-0 Nc5 15. Ng3 Bxf3 16. exf3 Rh4 17. f4 a4 18. b4 Nb3+ 19. Kb1 Bd6 20. Bg2 c6 21. Qc3 Qc7 22. Qg7 0-0-0 23. Qxf7 Rxf4 24. Qxg6 Be5 25. Rge1 Bxb2 26. Kxb2 Rxf2 27. Ne4 Qe5+ 28. Nc3 Qh2 29. Nxa4 Nxd2 30. Nxb6+ Kc7 31. Rxe6 Qxg2 32. Nd5+ cxd5 33. Ra6 Ne4+ 34. Kb3 Rf3+ 35. Ka4 Rf6 36. Rxf6 Ngxf6 37. Rc1 Ra8+ 38. Kb3 Qg3+ 39. Kc2 Qc3+ 0-1

[Event "GRE-chT 29th"]
[Site "Athens"]
[Date "2000.07.08"]
[Round "3"]
[White "Logothetis, Sotirios"]
[Black "Skourtis, Efstratios"]
[Result "1-0"]
[WhiteElo "2225"]
[BlackElo "2037"]
[PlyCount "81"]
[EventDate "2000.07.06"]
[EventType "team"]
[EventRounds "8"]
[EventCountry "GRE"]
[SourceTitle "EXT 2001"]
[Source "ChessBase"]
[SourceDate "2000.11.22"]
[SourceVersion "1"]
[SourceVersionDate "2000.11.22"]
[SourceQuality "1"]

1. d4 e6 2. c4 b6 3. a3 Bb7 4. Nc3 f5 5. d5 Na6 6. g3 Nf6 7. Bg2 Bd6 8. Nh3 0-0 9. 0-0 Nc5 10. Rb1 a5 11. b4 axb4 12. axb4 Be5 13. bxc5 Bxc3 14. cxb6 cxb6 15. Be3 Ra6 16. dxe6 Bxg2 17. Kxg2 Qa8+ 18. Kg1 dxe6 19. Rxb6 Rxb6 20. Bxb6 Qc6 21. Qb3 Be5 22. Be3 Rb8 23. Qd3 Ne4 24. Ng5 Nxg5 25. Bxg5 h6 26. Be3 Rb2 27. Rc1 h5 28. c5 Kh7 29. Qc4 Bf6 30. h4 e5 31. Qd3 Qc8 32. c6 e4 33. Qc4 Be5 34. Bd4 Bxd4 35. Qxd4 Rxe2 36. c7 e3 37. f3 Qa8 38. Qf4 Qc8 39. Qg5 f4 40. Qxh5+ Kg8 41. Qg4 1-0

[Event "GRE-chT 29th"]
[Site "Athens"]
[Date "2000.07.06"]
[Round "1"]
[White "Stefanopoulos, Orestis"]
[Black "Skourtis, Efstratios"]
[Result "1/2-1/2"]
[WhiteElo "2276"]
[BlackElo "2037"]
[PlyCount "30"]
[EventDate "2000.07.06"]
[EventType "team"]
[EventRounds "8"]
[EventCountry "GRE"]
[SourceTitle "EXT 2001"]
[Source "ChessBase"]
[SourceDate "2000.11.22"]
[SourceVersion "1"]
[SourceVersionDate "2000.11.22"]
[SourceQuality "1"]

1. e4 d5 2. exd5 Nf6 3. d4 Bg4 4. Nf3 Qxd5 5. Nc3 Qf5 6. Be2 Nc6 7. Be3 0-0-0 8. 0-0 e5 9. d5 Nb4 10. Bxa7 Nbxd5 11. Nxd5 Rxd5 12. Qc1 e4 13. Nd4 Qh5 14. Bxg4+ Nxg4 15. h3 Bd6 1/2-1/2

[Event "Ikaros op"]
[Site "Athens"]
[Date "1997.??.??"]
[Round "7"]
[White "Skourtis, Efstratios"]
[Black "Drakopoulos, Anastasios"]
[Result "1-0"]
[WhiteElo "1955"]
[BlackElo "2115"]
[PlyCount "81"]
[EventDate "1997.??.??"]
[EventType "swiss"]
[EventRounds "7"]
[EventCountry "GRE"]
[SourceTitle "EXT 2004"]
[Source "ChessBase"]
[SourceDate "2003.11.25"]
[SourceVersion "1"]
[SourceVersionDate "2003.11.25"]
[SourceQuality "1"]

1. d4 Nf6 2. c4 g6 3. Nc3 Bg7 4. e4 0-0 5. Nf3 d6 6. Be2 Nbd7 7. e5 Ne8 8. 0-0 c5 9. exd6 Nxd6 10. d5 Nf6 11. Re1 b6 12. Bf1 Bg4 13. h3 Bxf3 14. Qxf3 Nd7 15. Bf4 Nf5 16. Bd3 Nd4 17. Qe3 Re8 18. Bg5 Ne5 19. Ne2 Qd7 20. Nxd4 cxd4 21. Qg3 Rac8 22. b3 Nxd3 23. Qxd3 b5 24. Re2 h6 25. Bh4 bxc4 26. bxc4 g5 27. Bg3 Qa4 28. Rc1 Qa6 29. Be5 Bxe5 30. Rxe5 Qxa2 31. Qxd4 Qa3 32. Rc2 Qc5 33. Qe4 Kg7 34. h4 a5 35. hxg5 h5 36. g6 f6 37. Rxh5 Rh8 38. Rh7+ Rxh7 39. gxh7 a4 40. Rc3 Kh8 41. Qg6 1-0